01438nab a22002297a 4500999001500000003000400015005001700019008004100036040000700077100003900084245024200123260007300365300000800438500004400446505038600490505009000876650002500966650003500991650002201026773014701048942001301195 c5402d5402OSt20250311130727.0190604e xxu||||| |||| 00| 0 spa d cPJ 95904aGonzález Zambón, Ignacio10aPuntapié inicial para reactivar el desarrollo de infraestructura pública a través de las modificaciones introducidas por la Ley de Bases a la Ley Nacional de Concesión de Obra Pública N.° 17.520 /cIgnacio González Zambón. aCiudad Autónoma de Buenos Aires :bThomson Reuters La Ley, c2024. ap.  aCita Online: TR LALEY AR/DOC/1949/2024. tSumario: I. Estado de situación actual y espíritu de la reforma.— II. La Ley de Bases 27.742 y su impacto en materia de infraestructura pública.— III. Modificaciones a la Ley Nacional de Concesión de Obra Pública 17.520.— IV. Los tres pilares de la reforma y el eje necesario para la reactivación del desarrollo de infraestructura pública.— V. Conclusiones.  t¿Te interesa el texto completo? Solicitalo al correo: koha@justierradelfuego.gov.ar  091593aOBRAS PUBLICAS 091592aCONTRATO DE OBRA PUBLICA 096430aINVERSIONES0 0271493171dCiudad Autónoma de Buenos Aires : Thomson Reuters La Ley, 2014-tRevista anales de legislación argentina. Nº 8 - Agosto 2024. 2udccANA